书目信息 |
| 题名: |
毛泽东传
|
|
| 作者: | ;迪克·威尔逊著 国外研究毛泽东思想资料选集编辑组 译 | |
| 分册: | ||
| 出版信息: | 北京 国际文化出版公司 2013年 |
|
| 页数: | 551页 | |
| 开本: | 29cm | |
| 丛书名: | ||
| 单 册: | ||
| 中图分类: | A751 | |
| 科图分类: | ||
| 主题词: | ||
| 电子资源: | ||
| ISBN: | 978-7-5125-0503-2 | |
| 000 | 00722nam0 2200169 45 | |
| 001 | 2532496730 | |
| 005 | 20251217090223.19 | |
| 010 | @a978-7-5125-0503-2@dCNY70.00 | |
| 100 | @a20211111d km y0chiy0120 ea | |
| 101 | 0 | @achi |
| 200 | 1 | @a毛泽东传@AMao Ze Dong Chuan@f(英)迪克.威尔逊著 国外研究毛泽东思想资料选集编辑组译@F(Ying)Di Ke.Wei Er Xun Zhu Guo Wai Yan Jiu Mao Ze Dong Si Xiang Zi Liao Xuan Ji Bian Ji Zu Yi |
| 210 | @a北京@c国际文化出版公司@d2013年 | |
| 215 | @a551页@d29cm | |
| 690 | @aA751@v4 | |
| 711 | 02 | @a迪克·威尔逊著 国外研究毛泽东思想资料选集编辑组@ADi Ke·Wei Er Xun Zhu Guo Wai Yan Jiu Mao Ze Dong Si Xiang Zi Liao Xuan Ji Bian Ji Zu@4译 |
| 801 | 0 | @aCN@bPFT@c20211111 |
| 905 | @a10447@b6201266@dA751@e310@f1 | |
| 毛泽东传/(英)迪克.威尔逊著 国外研究毛泽东思想资料选集编辑组译.-北京:国际文化出版公司,2013年 |
| 551页;29cm |
| ISBN 978-7-5125-0503-2:CNY70.00 |
| ● |
| 相关链接 |
|
|
|
|
正题名:毛泽东传
索取号:A751/310
 
预约/预借
| 序号 | 登录号 | 条形码 | 馆藏地/架位号 | 状态 | 备注 |
| 1 | 1441954 | 214419547 | 第一样本阅览室/ [索取号:A751/310] | 在馆 |